[Event "Pyramiden Franken Cup 3rd"]
[Site "Fuerth"]
[Date "2000.08.26"]
[Round "8"]
[White "Lemmens, Pierre"]
[Black "Betz, Egon"]
[Result "1/2-1/2"]
[WhiteElo "1665"]
[BlackElo "1894"]
[PlyCount "84"]
[EventDate "2000.08.19"]
[EventType "swiss"]
[EventRounds "9"]
[EventCountry "GER"]
[SourceTitle "EXT 2010"]
[Source "ChessBase"]
[SourceDate "2010.11.25"]
[SourceVersion "1"]
[SourceVersionDate "2010.11.25"]
[SourceQuality "1"]

1. e4 c5 2. Nf3 Nc6 3. d4 cxd4 4. Nxd4 g6 5. Nc3 Bg7 6. Be3 Nf6 7. Bc4 Qa5 8. 0-0 d6 9. f3 Bd7 10. Bb3 0-0 11. Kh1 Qh5 12. Nxc6 bxc6 13. Qd2 a6 14. Ne2 Qb5 15. Nd4 Qb7 16. c3 c5 17. Ne2 Bc6 18. Nf4 Rfd8 19. Rad1 a5 20. Qf2 a4 21. Bc4 Nd7 22. a3 Ne5 23. Ba2 Rab8 24. Rd2 c4 25. Rfd1 h6 26. h3 Qc7 27. Qe2 Ba8 28. Nd5 Bxd5 29. exd5 Rdc8 30. Bb1 Nd7 31. Re1 Nf6 32. Bf4 Re8 33. Qd1 Qa5 34. h4 Nh5 35. Bh2 Bf6 36. g4 Ng7 37. Bf4 Bxh4 38. Ree2 Bg5 39. Bxg5 hxg5 40. Rh2 f5 41. Qf1 Kf7 42. Qxc4 Rec8 1/2-1/2

[Event "Pyramiden Franken Cup 3rd"]
[Site "Fuerth"]
[Date "2000.08.24"]
[Round "6"]
[White "Lemmens, Pierre"]
[Black "Thoma, Dirk"]
[Result "1/2-1/2"]
[WhiteElo "1665"]
[BlackElo "1424"]
[PlyCount "70"]
[EventDate "2000.08.19"]
[EventType "swiss"]
[EventRounds "9"]
[EventCountry "GER"]
[SourceTitle "EXT 2010"]
[Source "ChessBase"]
[SourceDate "2010.11.25"]
[SourceVersion "1"]
[SourceVersionDate "2010.11.25"]
[SourceQuality "1"]

1. e4 c5 2. Nf3 d6 3. d4 cxd4 4. Nxd4 Nf6 5. Nc3 a6 6. Bg5 e5 7. Nf3 Be7 8. Qd2 Be6 9. 0-0-0 Nbd7 10. Bxf6 Nxf6 11. h4 Bg4 12. Be2 Be6 13. Ng5 Bc8 14. g3 h6 15. Nh3 b5 16. a3 0-0 17. f4 Qc7 18. Nd5 Nxd5 19. exd5 Rd8 20. Nf2 f5 21. g4 fxg4 22. Nxg4 exf4 23. Qxf4 Bxg4 24. Qxg4 Qd7 25. Qe4 Re8 26. Qd3 Rf8 27. Rdg1 Qf5 28. Qxf5 Rxf5 29. Bg4 Rf4 30. Be6+ Kh8 31. Rg4 Raf8 32. Rxf4 Rxf4 33. h5 Bg5 34. Kd1 Rd4+ 35. Ke1 Re4+ 1/2-1/2

[Event "Pyramiden Franken Cup 3rd"]
[Site "Fuerth"]
[Date "2000.08.20"]
[Round "2"]
[White "Lemmens, Pierre"]
[Black "Schuetz, Peter"]
[Result "1/2-1/2"]
[WhiteElo "1665"]
[BlackElo "2000"]
[PlyCount "136"]
[EventDate "2000.08.19"]
[EventType "swiss"]
[EventRounds "9"]
[EventCountry "GER"]
[SourceTitle "EXT 2010"]
[Source "ChessBase"]
[SourceDate "2010.11.25"]
[SourceVersion "1"]
[SourceVersionDate "2010.11.25"]
[SourceQuality "1"]

1. e4 e5 2. f4 Bc5 3. Nf3 d6 4. Nc3 Nf6 5. d3 0-0 6. Na4 exf4 7. Nxc5 dxc5 8. Bxf4 Nc6 9. Be2 Nd4 10. 0-0 Re8 11. Bg5 Bg4 12. Nxd4 Qxd4+ 13. Kh1 Bxe2 14. Qxe2 Re6 15. Be3 Qd6 16. Qf3 Rae8 17. Bf4 Qc6 18. Bd2 R8e7 19. Bc3 Nd7 20. Rf2 b5 21. a3 Ne5 22. Qe2 Qd7 23. Raf1 Nc6 24. Rf4 a5 25. Qg4 Nd4 26. Bxd4 cxd4 27. Qf5 Re5 28. Qxd7 Rxd7 29. g4 f6 30. Kg2 Rd6 31. Rf5 Rc6 32. R1f2 Rxf5 33. exf5 Kf7 34. Kf3 b4 35. axb4 axb4 36. Ke4 Rd6 37. Rf1 Ke7 38. b3 Rc6 39. Rc1 Rd6 40. Ra1 Rc6 41. Ra2 Kd6 42. Kxd4 Rc3 43. Ke3 Rc5 44. Kd2 h5 45. h3 hxg4 46. hxg4 g6 47. Ra4 gxf5 48. Rxb4 fxg4 49. Rxg4 Rh5 50. Rc4 Re5 51. Re4 Rh5 52. Ke3 Rh2 53. Rc4 c6 54. Kf4 Rf2+ 55. Ke3 Rh2 56. b4 Rg2 57. Rd4+ Ke5 58. c3 Rg3+ 59. Kf2 Rh3 60. Re4+ Kd6 61. Re3 Rh2+ 62. Kf3 Rc2 63. d4 Kd5 64. Kf4 Kc4 65. Re6 Kd5 66. Re3 Kc4 67. Re6 Kd5 68. Re3 Kc4 1/2-1/2